Similar Premise: TV II Quiz Stats

 Plays Quiz Updated Jun 29, 2016

Challenge
Share
Tweet
Embed
Score 0/30 Timer 06:00
5 Plays Today
% Correct
M*A*S*H
94.4%
60 Minutes
93.7%
The Incredible Hulk
93.5%
48 Hours
93.1%
Gilligan's Island
92.6%
Glee
92.5%
Knight Rider
92.4%
NewsRadio
90.5%
Magnum, P.I.
90.3%
The Odd Couple
88.9%
Hawaii Five-O
88.7%
Taxi
88.7%
Friday Night Lights
88.7%
Full House
88.6%
MacGyver
88.5%
% Correct
WKRP in Cincinnati
87.8%
Sesame Street
86.7%
I Married Dora
86.5%
Fawlty Towers
85.5%
My Three Sons
85.4%
China Beach
84.1%
Kate & Allie
83.9%
I Love Lucy
83.7%
Coach
82.9%
My Mother the Car
79.4%
Newhart
77.3%
Cousin Skeeter
76%
Small Wonder
75.8%
Perfect Strangers
70.6%
Fame
61.6%

You're not logged in!

Compare scores with friends on all Sporcle quizzes.
Join for Free
OR
Log In

You Might Also Like...

Show Comments

Extras

Top Quizzes Today


Score Distribution

Your Account Isn't Verified!

In order to create a playlist on Sporcle, you need to verify the email address you used during registration. Go to your Sporcle Settings to finish the process.

Report this User

Report this user for behavior that violates our Community Guidelines.

Details: